000 00570nam a2200241Ia 4500
003 OSt
005 20221005125315.0
006 a|||||r|||| 00| 0
007 ta
008 221004b |||||||| |||| 00| 0 mal d
024 _a52854
037 _cTextual
040 _aCRL
_cCRL
_bmal
041 _2mal
_amal
082 _aC9B2,4, 32K3
100 _aJohn T.V.
_9636480
245 0 _aParamanusakthi
260 _c1963
300 _a28p.
_ccm.
650 _aPHYSICS
942 _hC9B2,4, 32K3
_cTEXL
_2cc
999 _c1053622
_d1053622